Shells form astrological ocean / (Record no. 23150)

MARC details
000 -LEADER
fixed length control field 00822nam a22002175a 4500
005 - DATE AND TIME OF LATEST TRANSACTION
control field 20081202064115.0
008 - FIXED-LENGTH DATA ELEMENTS--GENERAL INFORMATION
fixed length control field 081025s2008 ii b 001 0 eng
010 ## - LCCN (DPL NO)
LC control number ENG-92884
020 ## - INTERNATIONAL STANDARD BOOK NUMBER
Terms of availability 205.00
035 ## - SYSTEM CONTROL NUMBER
System control number EN-76417
037 ## - SOURCE OF ACQUISITION
Source of stock number/acquisition DBAD / PUB
040 ## - CATALOGING SOURCE
Original cataloging agency dpl
Language of cataloging English
082 ## - DEWEY DECIMAL CLASSIFICATION NUMBER
Classification number 133.59445
100 ## - MAIN ENTRY--PERSONAL NAME
Personal name Narayanan, V.
245 ## - TITLE STATEMENT
Title Shells form astrological ocean /
Statement of responsibility, etc by V. Narayanan
260 ## - PUBLICATION, DISTRIBUTION, ETC. (IMPRINT)
Place of publication, distribution, etc Chennai
Name of publisher, distributor, etc V. Narayanan
Date of publication, distribution, etc 2008
270 ## - ADDRESS
Address "Rama Khrupa", 2nd Floor, 7, Ramakrishnapuram, Villivkkam
City Chennai
Postal code 600049
300 ## - PHYSICAL DESCRIPTION
Extent xiv, 239p.:
Dimensions 22cm (pbk)
Other physical details b&w photos
942 ## - ADDED ENTRY ELEMENTS (KOHA)
Source of classification or shelving scheme Dewey Decimal Classification
Item type English Books
Call number suffix NAR
Classification part 133.59445
Holdings
Withdrawn status Lost status Source of classification or shelving scheme Damaged status Not for loan Collection code Home library Current library Date acquired Source of acquisition Cost, normal purchase price Total Checkouts Full call number Barcode Date last seen Copy number Cost, replacement price Koha item type
    Dewey Decimal Classification   Not For Loan Non-fiction D.B.Act.Division D.B.Act.Division 06/02/2009 DBAD / PUB 205.00   133.59445 NAR EN-76417 06/02/2009 1 205.00 English Books

© Delhi Public Library
Hit Counter
free hit counter